000 01076nam a2200277 i 4500
003 DO-SdBNP
005 20240826125436.0
007 ta
008 240813b2024 dr a|||| |||| 00| 0 spa d
020 _a9789945186093
040 _aDO-SdBNP
_bspa
_cBNPHU
_erda
082 _222
_bG643
100 1 _aGonzález, Geraldino,
_d1957-
_eautor
_920628
245 1 0 _aForesta y deforestación en la Rep. Dom. /
_cGeraldino González
250 _a2a. edición
264 1 _aSanto Domingo :
_bNuevo Diario,
_c2024.
300 _a67 páginas
_bilustraciones
_c23 cm.
336 _2rdacontent
_atexto
_btxt
337 _2rdamedia
_asin mediación
_bn
338 _2rdacarrier
_avolumen
_bnc
500 _aIncluye datos biografícos del autor en la contraportada.
505 _tIntroducción --
_tLa deforestación: problema social --
_tPolítico y económico --
_tPosiciones --
_tLos incendios en los bosques --
_tAspectos históricos la gravedad del caso --
_tLas leyes --
_tEl agua y la deforestación --
590 _aInventariado, 2024/ YL
910 _aYLockward
942 _2ddc
_cLBS1
999 _c57425
_d57425